000 01234nam a22002777a 4500
005 20101206113148.0
008 101206t xxu||||| |||| 00| 0 hin d
010 _aHIN-91571
020 _c125.00
_a9788178061986
035 _aHN-63917
037 _bDBAD/PUB
040 _aDPL
_bHN
100 _924598
_aशुक्ल, सच्चिदानन्द
245 _aहिन्दी भाषा की आधुनिक प्रामाणिक वर्तनी /
_cसच्चिदानन्द शुक्ल
246 _ahindi bhasha ki aadhunik pramanik varatni
260 _aनई दिल्ली
_bयूनीकॉर्न बुक्स
_c2010
270 _aएफ-2/16, अंसारी रोड, दरियागंज
_bनई दिल्ली
_e110002
_k23275434
_l011- 23257790
_municornbooks@vsnl.com
300 _a127पृ.
_c22सेमी (अजिल्द)
650 _91169
700 _924599
700 _925390
700 _925450
700 _925451
942 _2ddc
_cHN
_m425शुक्लस
999 _c50007
_d50007